书目信息 |
| 题名: |
地理教学
|
|
| 作者: | ;《地理教学》编辑部 编 | |
| 分册: | 1983年第1辑 | |
| 出版信息: | 上海 上海教育出版社 1983 |
|
| 页数: | 41页 | |
| 开本: | 20cm | |
| 丛书名: | ||
| 单 册: | ||
| 中图分类: | G633.55 | |
| 科图分类: | ||
| 主题词: | 教育--各级 | |
| 电子资源: | ||
| ISBN: | ||
| 000 | 00605nam0 2200205 450 | |
| 001 | 0560145171 | |
| 005 | 20051205165305.93 | |
| 010 | @dCNY0.26 | |
| 100 | @a20051205d1983 km y0chiy0120 ea | |
| 101 | 0 | @achi |
| 102 | @aCN@b310000 | |
| 102 | @aCN@b310000 | |
| 200 | 1 | @a地理教学@Adi li jiao xue@h1983年第1辑@f《地理教学》编辑部编@F《di li jiao xue》bian ji bu bian |
| 210 | @a上海@c上海教育出版社@d1983 | |
| 215 | 1 | @a41页@d20cm |
| 606 | 0 | @a教育@x各级 |
| 690 | @aG633.55@v4 | |
| 711 | 0 | @a《地理教学》编辑部@A《di li jiao xue》bian ji bu@4编 |
| 801 | 0 | @aCN@bPFT@c20051205 |
| 905 | @a10447@dG633.55@e1/83 | |
| 地理教学.1983年第1辑/《地理教学》编辑部编.-上海:上海教育出版社,1983 |
| 41页;20cm |
| ISBN :CNY0.26 |
| ● |
| 相关链接 |
|
|
|
|
正题名:地理教学
索取号:G633.55/1/83
 
预约/预借
| 序号 | 登录号 | 条形码 | 馆藏地/架位号 | 状态 | 备注 |
| 1 | 0107051 | 202160320 | 密集书库/ [索取号:G633.55/1/83] | 在馆 | |
| 2 | 0107052 | 202160339 | 密集书库/ [索取号:G633.55/1/83] | 在馆 | |
| 3 | 0107053 | 202160464 | 密集书库/ [索取号:G633.55/1/83] | 在馆 |